Physics for engineering and science students (Record no. 899)
[ view plain ]
| 000 -LEADER | |
|---|---|
| fixed length control field | 00374nam a2200157Ia 4500 |
| 008 - FIXED-LENGTH DATA ELEMENTS--GENERAL INFORMATION | |
| fixed length control field | 230711s9999||||xx |||||||||||||| ||und|| |
| 041 ## - LANGUAGE CODE | |
| Language code of text/sound track or separate title | ENG |
| 082 ## - DEWEY DECIMAL CLASSIFICATION NUMBER | |
| Classification number | 621 |
| Item number | AS-P |
| 100 ## - MAIN ENTRY--PERSONAL NAME | |
| Personal name | Vasudeva,A.S |
| 245 #0 - TITLE STATEMENT | |
| Title | Physics for engineering and science students |
| 250 ## - EDITION STATEMENT | |
| Edition statement | 1st |
| 260 ## - PUBLICATION, DISTRIBUTION, ETC. | |
| Date of publication, distribution, etc. | 1990 |
| Place of publication, distribution, etc. | Ludhiana |
| Name of publisher, distributor, etc. | S.K Kataria & Sons |
| 300 ## - PHYSICAL DESCRIPTION | |
| Extent | 600 |
| 650 ## - SUBJECT ADDED ENTRY--TOPICAL TERM | |
| Topical term or geographic name entry element | Physics |
| 942 ## - ADDED ENTRY ELEMENTS (KOHA) | |
| Koha item type | Book |
| Withdrawn status | Lost status | Damaged status | Not for loan | Collection | Home library | Current library | Date acquired | Total checkouts | Full call number | Barcode | Date due | Date last seen | Date last checked out | Price effective from | Koha item type |
|---|---|---|---|---|---|---|---|---|---|---|---|---|---|---|---|
| MRSPTU Central Library | MRSPTU Central Library | 2 | 621 AS-P | 4308 | 06/04/2026 | 09/15/2025 | 09/15/2025 | 08/17/2023 | Book | ||||||
| MRSPTU Central Library | MRSPTU Central Library | 621 AS-P | 4309 | 08/17/2023 | 08/17/2023 | Book | |||||||||
| MRSPTU Central Library | MRSPTU Central Library | 621 AS-P | 4310 | 08/17/2023 | 08/17/2023 | Book | |||||||||
| MRSPTU Central Library | MRSPTU Central Library | 621 AS-P | 4311 | 08/17/2023 | 08/17/2023 | Book |
